| 000 | 00922nam a2200265Ia 4500 | ||
|---|---|---|---|
| 003 | GCL | ||
| 008 | 140319s9999 xx 000 0 ara d | ||
| 040 |
_aGCL / _cGCL |
||
| 082 | 0 | 4 |
_aق _b962.16 _bم ا |
| 100 | 1 | _aمحمد كمال السيد محمد | |
| 245 | 1 | 0 |
_aاسماء ومسميات من تاريخ مصر - القاهرة / _cمحمد كمال السيد محمد |
| 250 | _aالاولى | ||
| 260 |
_aالقاهرة : _bالهيئة المصرية العامة للكتاب ، _c1986 |
||
| 300 |
_a512 ص ؛ _c24سم |
||
| 650 | 0 | 4 | _aالمبانى |
| 650 | 0 | 4 | _aالشوارع |
| 650 | 0 | 4 | _aالمياه - تنقية |
| 650 | 0 | 4 | _aالحمامات العامة |
| 650 | 0 | 4 | _aالقاهرة |
| 650 | 0 | 4 | _aاسواق |
| 650 | 0 | 4 | _aالحدائق العامة |
| 650 | 0 | 4 | _aالقاهرة - احياء وضواحى |
| 650 | 0 | 4 | _aمصر - تاريخ - العصر الحديث |
| 942 |
_2ddc _cBK |
||
| 999 |
_c28130 _d28130 |
||